[Event "Titled Tuesday intern op 16th Jan Late"]
[Site "Chess.com INT"]
[Date "2024.01.16"]
[Round "3"]
[White "Iturrizaga Bonelli, Eduardo"]
[Black "Sherman, Reem"]
[Result "1-0"]
[WhiteElo "2600"]
[BlackElo "2295"]
[PlyCount "89"]
[EventDate "2024.01.16"]
[EventType "swiss (blitz)"]
[EventRounds "11"]
[EventCountry "USA"]
[SourceTitle "CB04_2024"]
[SourceDate "2023.10.16"]
[SourceVersion "1"]
[SourceVersionDate "2023.10.16"]
[SourceQuality "1"]

1. c4 c5 2. Nf3 Nf6 3. Nc3 Nc6 4. d4 cxd4 5. Nxd4 g6 6. g3 Bg7 7. Bg2 0-0 8. 0-0 Qa5 9. e3 Qh5 10. Qxh5 Nxh5 11. Rd1 Nf6 12. b3 Rb8 13. Ba3 Re8 14. Rac1 Nxd4 15. exd4 d6 16. c5 dxc5 17. dxc5 Bf5 18. h3 h5 19. Nb5 a6 20. Nd4 Be4 21. c6 bxc6 22. Nxc6 Rb7 23. Bf1 Nd5 24. Re1 Bf3 25. Ne5 Bxe5 26. Rxe5 Rb6 27. Rc4 e6 28. Rd4 Nc7 29. Rd7 Nb5 30. Bc5 Rc6 31. b4 Rb8 32. a4 Nc7 33. Bd6 Rc8 34. Rc5 Rxc5 35. bxc5 Ne8 36. Bxa6 Ra8 37. Bb5 Nf6 38. Re7 Nd5 39. Re8+ Rxe8 40. Bxe8 Nb4 41. a5 Na6 42. Bb5 Nb4 43. a6 f6 44. a7 Kf7 45. c6 1-0

[Event "Titled Tuesday intern op 16th Jan Late"]
[Site "Chess.com INT"]
[Date "2024.01.16"]
[Round "2"]
[White "Marcziter, Dmitrii"]
[Black "Sherman, Reem"]
[Result "0-1"]
[WhiteElo "2190"]
[BlackElo "2295"]
[PlyCount "88"]
[EventDate "2024.01.16"]
[EventType "swiss (blitz)"]
[EventRounds "11"]
[EventCountry "USA"]
[SourceTitle "CB04_2024"]
[SourceDate "2023.10.16"]
[SourceVersion "1"]
[SourceVersionDate "2023.10.16"]
[SourceQuality "1"]

1. e4 c5 2. Nc3 g6 3. f4 Nc6 4. Nf3 Bg7 5. Bc4 e6 6. d3 Nge7 7. a4 d5 8. Ba2 0-0 9. 0-0 a6 10. Kh1 Rb8 11. f5 gxf5 12. exd5 exd5 13. Bg5 Be6 14. Nh4 Qd7 15. Bf4 Rbd8 16. Nf3 Ng6 17. Bg5 Rb8 18. Qd2 b5 19. axb5 axb5 20. Bh6 b4 21. Na4 Qd6 22. Bxg7 Kxg7 23. Qf2 d4 24. Nh4 f4 25. Bc4 Nce5 26. b3 Rbc8 27. Rae1 Rfe8 28. Nxg6 Nxg6 29. Re4 Bxc4 30. bxc4 Rxe4 31. dxe4 Qc6 32. Nb2 Qxe4 33. Nd3 b3 34. Re1 Qf5 35. Rb1 bxc2 36. Qxc2 f3 37. Rf1 fxg2+ 38. Kxg2 Qe4+ 39. Kg1 Ra8 40. Qd2 Ra3 41. Nxc5 Qg4+ 42. Qg2 Qc8 43. Qg5 Qc6 44. h4 Rh3 0-1

[Event "Sitges Sunway op 10th"]
[Site "Sitges"]
[Date "2023.12.14"]
[Round "3"]
[White "Sanal, Vahap"]
[Black "Sherman, Reem"]
[Result "1-0"]
[WhiteElo "2595"]
[BlackElo "2283"]
[PlyCount "103"]
[EventDate "2023.12.12"]
[EventType "swiss"]
[EventRounds "10"]
[EventCountry "ESP"]
[SourceTitle "CB52_2023"]
[SourceDate "2023.12.27"]
[SourceVersion "1"]
[SourceVersionDate "2023.12.27"]
[SourceQuality "1"]

1. e4 e6 2. d4 d5 3. Nd2 c5 4. Ngf3 cxd4 5. Nxd4 Nc6 6. Nxc6 bxc6 7. Bd3 Bd6 8. Qe2 e5 9. exd5 cxd5 10. c4 Nf6 11. cxd5 0-0 12. 0-0 Bc7 13. Rd1 Rb8 14. Bc4 Bb6 15. h3 Bf5 16. Nf1 Bd4 17. Rxd4 exd4 18. Qe5 Be4 19. Bg5 Re8 20. Qxd4 Qb6 21. Bxf6 Qxf6 22. Qxf6 gxf6 23. b3 Red8 24. Rd1 Rb6 25. Ng3 Bc2 26. Rc1 Bg6 27. f4 f5 28. Ne2 Kf8 29. Nd4 Re8 30. g3 f6 31. Kf2 Bf7 32. Nxf5 Rd8 33. Rd1 Rbb8 34. g4 Rbc8 35. Rd4 Rc5 36. Ng3 Kg7 37. Nf5+ Kf8 38. Ng3 Kg7 39. Ne4 Rcc8 40. f5 h5 41. d6 hxg4 42. hxg4 Be8 43. Ke3 Bd7 44. Be6 Rc2 45. Rc4 Rxc4 46. bxc4 Bc6 47. c5 Rh8 48. Kd4 Rh1 49. Nc3 Rh4 50. Bd5 Bd7 51. c6 Rxg4+ 52. Ne4 1-0

[Event "Sant Boi de Llobregat op 4th"]
[Site "Sant Boi de Llobregat"]
[Date "2023.12.06"]
[Round "7"]
[White "Sherman, Reem"]
[Black "Suyarov, Mukhammadzokhid"]
[Result "0-1"]
[WhiteElo "2283"]
[BlackElo "2359"]
[PlyCount "92"]
[EventDate "2023.11.30"]
[EventType "swiss"]
[EventRounds "9"]
[EventCountry "ESP"]
[SourceTitle "CB50_2023"]
[SourceDate "2023.12.13"]
[SourceVersion "1"]
[SourceVersionDate "2023.12.13"]
[SourceQuality "1"]

1. e4 e5 2. Nf3 Nf6 3. d4 Nxe4 4. Bd3 Nc6 5. Nxe5 Nxe5 6. dxe5 Nc5 7. 0-0 d6 8. Bc4 Be6 9. Bxe6 Nxe6 10. Qf3 c6 11. Rd1 Qc7 12. exd6 Bxd6 13. g3 0-0 14. Nd2 Rad8 15. Nc4 Be7 16. Be3 b5 17. Rxd8 Rxd8 18. Nd2 Qd7 19. c3 c5 20. a4 bxa4 21. Qe4 Bg5 22. f4 Bf6 23. Qxa4 Qb7 24. Qb3 Qa8 25. Qc4 h5 26. Ne4 Bd4 27. cxd4 Qxe4 28. Bf2 Nxd4 29. Qxc5 Ne2+ 30. Kf1 Qh1+ 31. Bg1 Nd4 32. Rc1 Nb3 33. Qc6 Rd1+ 34. Ke2 Nd4+ 35. Bxd4 Qf1+ 36. Ke3 Qd3+ 37. Kf2 Qxd4+ 38. Kf3 Qd3+ 39. Kf2 Qf1+ 40. Ke3 Rxc1 41. Qe8+ Kh7 42. Qxf7 Re1+ 43. Kd4 Qf2+ 44. Kd3 Qe2+ 45. Kc3 Rc1+ 46. Kb3 Qb5+ 0-1

[Event "Sant Boi de Llobregat op 4th"]
[Site "Sant Boi de Llobregat"]
[Date "2023.12.05"]
[Round "6"]
[White "Bronstein, Or"]
[Black "Sherman, Reem"]
[Result "1-0"]
[WhiteElo "2428"]
[BlackElo "2283"]
[PlyCount "79"]
[EventDate "2023.11.30"]
[EventType "swiss"]
[EventRounds "9"]
[EventCountry "ESP"]
[SourceTitle "CB50_2023"]
[SourceDate "2023.12.13"]
[SourceVersion "1"]
[SourceVersionDate "2023.12.13"]
[SourceQuality "1"]

1. d4 d5 2. c4 e6 3. Nc3 Nf6 4. cxd5 exd5 5. Bg5 Be7 6. e3 h6 7. Bh4 Bg4 8. Qc2 0-0 9. h3 Be6 10. Nf3 c5 11. Rd1 Nc6 12. dxc5 Qa5 13. Bb5 a6 14. Bxc6 bxc6 15. 0-0 Qxc5 16. Nd4 Rfc8 17. e4 Nh5 18. exd5 cxd5 19. Bxe7 Qxe7 20. Qe2 Nf4 21. Qe5 Ng6 22. Qe3 Qf6 23. f4 Ne7 24. f5 Bd7 25. Qf3 Bc6 26. Rfe1 Rab8 27. Re2 Ba8 28. Qf4 Kf8 29. Rde1 Rb4 30. Ne6+ fxe6 31. Qxb4 Rc4 32. Qb8+ Rc8 33. Qd6 e5 34. Qxe5 Qb6+ 35. Rf2 Ng8 36. Qe6 Qc5 37. Na4 Qc7 38. Nb6 Rd8 39. Nxa8 Rxa8 40. Qxd5 1-0

[Event "Monsaraz Rapid op"]
[Site "Monsaraz"]
[Date "2023.11.25"]
[Round "2"]
[White "De Kaey, Pascal"]
[Black "Sherman, Reem"]
[Result "0-1"]
[WhiteElo "1938"]
[BlackElo "2278"]
[PlyCount "144"]
[EventDate "2023.11.25"]
[EventType "swiss (rapid)"]
[EventRounds "9"]
[EventCountry "POR"]
[SourceTitle "CB48_2023"]
[SourceDate "2023.11.29"]
[SourceVersion "1"]
[SourceVersionDate "2023.11.29"]
[SourceQuality "1"]

1. e4 e6 2. d4 d5 3. Nd2 c5 4. c3 cxd4 5. cxd4 Nc6 6. Ngf3 dxe4 7. Nxe4 Bb4+ 8. Bd2 Bxd2+ 9. Qxd2 Nf6 10. Bd3 0-0 11. 0-0 h6 12. Rac1 Nd5 13. Rfd1 Qe7 14. a3 Bd7 15. Bb1 b6 16. Nc3 Nf6 17. Ne5 Rfd8 18. Nd5 Nxd5 19. Nxc6 Bxc6 20. Rxc6 Qf6 21. Be4 Nf4 22. d5 Qg5 23. d6 Rd7 24. Rc7 Rad8 25. Rxd7 Rxd7 26. Bc6 Rd8 27. d7 Nh3+ 28. Kf1 Qc5 29. Rc1 Qf5 30. gxh3 Qxh3+ 31. Bg2 Qf5 32. Rc8 Qb1+ 33. Qe1 Qd3+ 34. Kg1 Qxd7 35. Rxd8+ Qxd8 36. Qb4 Qd1+ 37. Bf1 g6 38. Qc3 Qg4+ 39. Kh1 Qf4 40. Qe3 Qf6 41. Qd2 h5 42. b3 Qa1 43. Kg2 Qxa3 44. Qd8+ Kg7 45. Qd4+ Kh7 46. Bc4 Qe7 47. Qf4 Kg7 48. h4 e5 49. Qg5 Qb7+ 50. f3 Qc7 51. Qe3 Qd6 52. Qd3 Qe7 53. Kh3 Qf6 54. Qe4 a5 55. Bd3 Qe6+ 56. Kg3 Qxb3 57. Qxe5+ Kg8 58. Qe8+ Kh7 59. Be4 Qc4 60. Qd7 Qe6 61. Qxe6 fxe6 62. Bc6 Kg7 63. Kf4 Kf6 64. Be8 e5+ 65. Ke4 Ke6 66. Bxg6 a4 67. Bh7 Kf7 68. Kxe5 b5 69. Bc2 Ke7 70. f4 Kf7 71. Bd1 Ke7 72. Bxh5 a3 0-1

[Event "Monsaraz Rapid op"]
[Site "Monsaraz"]
[Date "2023.11.25"]
[Round "3"]
[White "Sherman, Reem"]
[Black "Albornoz Cabrera, Carlos Daniel"]
[Result "0-1"]
[WhiteElo "2278"]
[BlackElo "2585"]
[PlyCount "80"]
[EventDate "2023.11.25"]
[EventType "swiss (rapid)"]
[EventRounds "9"]
[EventCountry "POR"]
[SourceTitle "CB48_2023"]
[SourceDate "2023.11.29"]
[SourceVersion "1"]
[SourceVersionDate "2023.11.29"]
[SourceQuality "1"]

1. e4 c5 2. Nf3 d6 3. d4 cxd4 4. Nxd4 Nf6 5. Nc3 a6 6. Bg5 Nbd7 7. Bc4 Qb6 8. Bb3 e6 9. a4 Qa5 10. Qd2 h6 11. Bh4 Nc5 12. f3 Be7 13. Bf2 Bd7 14. 0-0 0-0 15. Ba2 Nxa4 16. Bb3 b5 17. Qd3 Rfc8 18. Rfc1 Rab8 19. Nde2 Qc7 20. Nxa4 bxa4 21. Bxa4 Bxa4 22. Rxa4 Rxb2 23. Nd4 d5 24. Rxa6 dxe4 25. fxe4 Ng4 26. Bg3 Qc5 27. Kh1 Bf6 28. Ra4 Bxd4 29. Rxd4 Qxc2 30. Qxc2 Rcxc2 31. Rg1 Nf2+ 32. Bxf2 Rxf2 33. Ra4 Rbe2 34. h3 Rf4 35. Rb1 Rexe4 36. Ra8+ Kh7 37. Rb2 h5 38. Ra7 h4 39. Rbb7 Re1+ 40. Kh2 Rff1 0-1

[Event "Monsaraz Rapid op"]
[Site "Monsaraz"]
[Date "2023.11.25"]
[Round "7"]
[White "Sherman, Reem"]
[Black "Daneri, Martin"]
[Result "1-0"]
[WhiteElo "2278"]
[BlackElo "2004"]
[PlyCount "93"]
[EventDate "2023.11.25"]
[EventType "swiss (rapid)"]
[EventRounds "9"]
[EventCountry "POR"]
[SourceTitle "CB48_2023"]
[SourceDate "2023.11.29"]
[SourceVersion "1"]
[SourceVersionDate "2023.11.29"]
[SourceQuality "1"]

1. e4 e6 2. d4 d5 3. Bd3 dxe4 4. Bxe4 Nf6 5. Bf3 c5 6. Ne2 e5 7. dxe5 Qxd1+ 8. Kxd1 Ng4 9. Bxg4 Bxg4 10. f3 Bf5 11. g4 Bg6 12. Nf4 Nc6 13. Nxg6 0-0-0+ 14. Bd2 hxg6 15. f4 g5 16. Kc1 gxf4 17. Bxf4 Nd4 18. Nc3 b5 19. Kb1 b4 20. Ne4 Ne6 21. Bg3 Rd4 22. Re1 Be7 23. c3 Rd3 24. Kc2 Rf3 25. Nd2 Rxg3 26. hxg3 Rh2 27. Rh1 Rg2 28. Rag1 Re2 29. Re1 Rg2 30. Rhg1 Rh2 31. Kd1 Ng5 32. Re2 Rh3 33. Kc2 Kb7 34. Kd3 Kc6 35. cxb4 cxb4 36. Rc1+ Kb5 37. Ne4 Nf3 38. Nd6+ Ka6 39. Rc6+ Ka5 40. Kc4 Bxd6 41. exd6 Rxg3 42. d7 Rxg4+ 43. Kc5 Rg5+ 44. Kd6 Rg6+ 45. Kc7 Rxc6+ 46. Kxc6 Nd4+ 47. Kc5 1-0

[Event "Monsaraz op"]
[Site "Monsaraz"]
[Date "2023.11.24"]
[Round "6"]
[White "Ishvi, Aggarwal"]
[Black "Sherman, Reem"]
[Result "0-1"]
[WhiteElo "1765"]
[BlackElo "2278"]
[PlyCount "84"]
[EventDate "2023.11.21"]
[EventType "swiss"]
[EventRounds "9"]
[EventCountry "POR"]
[SourceTitle "CB49_2023"]
[SourceDate "2023.12.06"]
[SourceVersion "1"]
[SourceVersionDate "2023.12.06"]
[SourceQuality "1"]

1. d4 Nf6 2. c4 e6 3. g3 d5 4. Bg2 Be7 5. Nf3 0-0 6. 0-0 dxc4 7. Qc2 a6 8. a4 Bd7 9. Qxc4 Bc6 10. Bf4 Bd6 11. Qc1 a5 12. Nc3 Na6 13. Bg5 h6 14. Bxf6 Qxf6 15. e4 e5 16. d5 Bd7 17. Nd2 Nb4 18. Nc4 Bc5 19. Qd2 b6 20. Kh1 Qe7 21. f4 f6 22. Rad1 Rad8 23. b3 Bc8 24. Qe2 Ba6 25. fxe5 fxe5 26. Qh5 Bxc4 27. bxc4 Nc2 28. Bh3 Ne3 29. Rxf8+ Rxf8 30. Rc1 Nxc4 31. Nb5 Ne3 32. Be6+ Kh8 33. Qxe5 Ng4 34. Qh5 Nf2+ 35. Kg2 Nxe4 36. Rf1 Rxf1 37. Kxf1 Qf6+ 38. Qf5 Qa1+ 39. Kg2 Qg1+ 40. Kf3 Qf1+ 41. Kxe4 Qe2+ 42. Kf4 g5+ 0-1

[Event "Monsaraz op"]
[Site "Monsaraz"]
[Date "2023.11.22"]
[Round "3"]
[White "Ribeiro, Jose Miguel Saraiva"]
[Black "Sherman, Reem"]
[Result "1-0"]
[WhiteElo "1985"]
[BlackElo "2278"]
[PlyCount "81"]
[EventDate "2023.11.21"]
[EventType "swiss"]
[EventRounds "9"]
[EventCountry "POR"]
[SourceTitle "CB49_2023"]
[SourceDate "2023.12.06"]
[SourceVersion "1"]
[SourceVersionDate "2023.12.06"]
[SourceQuality "1"]

1. d4 e6 2. c4 Nf6 3. Nc3 d5 4. Bg5 Be7 5. cxd5 exd5 6. Qc2 h6 7. Bh4 0-0 8. e3 Be6 9. Bd3 c5 10. Nge2 Nc6 11. a3 Qd7 12. dxc5 d4 13. Bxf6 Bxf6 14. Rd1 Kh8 15. Be4 Rad8 16. 0-0 Qc8 17. exd4 Nxd4 18. Nxd4 Bxd4 19. b4 Be5 20. g3 f5 21. Bg2 f4 22. Rxd8 Qxd8 23. Rd1 Qf6 24. Nd5 Qf7 25. Qe4 fxg3 26. fxg3 Bxd5 27. Qxd5 Qe8 28. Qxb7 Bd4+ 29. Kh1 Qe2 30. Rb1 Re8 31. Qf7 Bf6 32. Qxa7 Qf2 33. Rf1 Qc2 34. Qf7 Re2 35. Qd5 Re5 36. Qa8+ Kh7 37. Qf3 h5 38. Qd1 Qc4 39. Re1 h4 40. Rxe5 Bxe5 41. Bd5 1-0

[Event "Monsaraz op"]
[Site "Monsaraz"]
[Date "2023.11.21"]
[Round "1"]
[White "Sherman, Reem"]
[Black "Shaffer, Alexander"]
[Result "1-0"]
[WhiteElo "2278"]
[BlackElo "1634"]
[PlyCount "45"]
[EventDate "2023.11.21"]
[EventType "swiss"]
[EventRounds "9"]
[EventCountry "POR"]
[SourceTitle "CB49_2023"]
[SourceDate "2023.12.06"]
[SourceVersion "1"]
[SourceVersionDate "2023.12.06"]
[SourceQuality "1"]

1. e4 e5 2. d4 exd4 3. Qxd4 Nc6 4. Qe3 g6 5. h4 Bg7 6. h5 d6 7. Nc3 Nge7 8. Bd2 Be6 9. Nf3 Qd7 10. 0-0-0 0-0-0 11. h6 Bf6 12. Qf4 Be5 13. Qh4 f5 14. Nxe5 Nxe5 15. Bg5 Rhe8 16. f4 Nf7 17. Bf6 fxe4 18. Nxe4 Bg4 19. Re1 Bf5 20. Bd3 d5 21. Nc5 Qc6 22. Bxe7 Bxd3 23. Nxd3 1-0

[Event "Titled Tuesday intern op 14th Nov Early"]
[Site "Chess.com INT"]
[Date "2023.11.14"]
[Round "1"]
[White "Sherman, Reem"]
[Black "Yarullina, Alina"]
[Result "1-0"]
[WhiteElo "2278"]
[BlackElo "2084"]
[PlyCount "87"]
[EventDate "2023.11.14"]
[EventType "swiss (blitz)"]
[EventRounds "11"]
[EventCountry "USA"]
[SourceTitle "CB47_2023"]
[SourceDate "2023.11.22"]
[SourceVersion "1"]
[SourceVersionDate "2023.11.22"]
[SourceQuality "1"]

1. e4 e6 2. d4 d5 3. Bd3 dxe4 4. Bxe4 Nf6 5. Bf3 c5 6. Ne2 Nc6 7. Be3 cxd4 8. Nxd4 Nxd4 9. Qxd4 Qxd4 10. Bxd4 Be7 11. Nc3 0-0 12. 0-0-0 Rd8 13. Be5 Rxd1+ 14. Rxd1 h6 15. g3 a5 16. Bd6 Kf8 17. Nb5 Ra6 18. a4 Rb6 19. Bc7 Ra6 20. c4 Nd7 21. Bxb7 Bxb7 22. Rxd7 Bc6 23. Rd1 Ra8 24. Bd6 Bxb5 25. axb5 Rc8 26. b3 a4 27. Kb2 axb3 28. Kxb3 Bxd6 29. Rxd6 Ke7 30. Ra6 f5 31. Kb4 e5 32. c5 g5 33. Rxh6 f4 34. Kc4 e4 35. c6 e3 36. Rh7+ Ke6 37. Kd3 exf2 38. Ke2 fxg3 39. hxg3 Kd5 40. Kxf2 Kc5 41. Rb7 g4 42. Ke3 Re8+ 43. Kf4 Rg8 44. c7 1-0

[Event "Titled Tuesday intern op 24th Oct Late"]
[Site "Chess.com INT"]
[Date "2023.10.24"]
[Round "10"]
[White "Gritsenko, Nikolai"]
[Black "Sherman, Reem"]
[Result "1-0"]
[WhiteElo "2309"]
[BlackElo "2299"]
[PlyCount "57"]
[EventDate "2023.10.24"]
[EventType "swiss (blitz)"]
[EventRounds "11"]
[EventCountry "USA"]
[SourceTitle "Mega2024 Update 01"]
[Source "Chessbase"]
[SourceDate "2023.11.12"]
[SourceVersion "1"]
[SourceVersionDate "2023.11.12"]
[SourceQuality "1"]

1. d4 e6 2. Nf3 d5 3. c4 Nf6 4. Nc3 dxc4 5. Bg5 Bb4 6. Qa4+ Nc6 7. e3 0-0 8. Bxc4 h6 9. Bh4 Bd7 10. Qc2 Bd6 11. 0-0-0 a6 12. g4 b5 13. Bb3 Be7 14. Bxf6 Bxf6 15. h4 Nb4 16. Qe2 Be7 17. g5 h5 18. g6 fxg6 19. Ne5 Rf6 20. Ne4 Qe8 21. Rhg1 Nd5 22. Nxf6+ Bxf6 23. Nxg6 c5 24. dxc5 Rc8 25. Kb1 Rxc5 26. e4 Nb6 27. e5 Bd8 28. Qxh5 Nc4 29. Rxd7 1-0

[Event "Titled Tuesday intern op 24th Oct Late"]
[Site "Chess.com INT"]
[Date "2023.10.24"]
[Round "4"]
[White "Sherman, Reem"]
[Black "Sahakyan, Aleks"]
[Result "0-1"]
[WhiteElo "2299"]
[BlackElo "2345"]
[PlyCount "54"]
[EventDate "2023.10.24"]
[EventType "swiss (blitz)"]
[EventRounds "11"]
[EventCountry "USA"]
[SourceTitle "Mega2024 Update 01"]
[Source "Chessbase"]
[SourceDate "2023.11.12"]
[SourceVersion "1"]
[SourceVersionDate "2023.11.12"]
[SourceQuality "1"]

1. e4 c5 2. Nf3 g6 3. d4 cxd4 4. Nxd4 Bg7 5. Be3 Nf6 6. Nc3 Nc6 7. Bc4 0-0 8. Bb3 Re8 9. f3 e6 10. Qd2 d5 11. Nxc6 bxc6 12. 0-0-0 a5 13. Na4 Nd7 14. h3 Ba6 15. g4 Bb5 16. h4 Rb8 17. c3 Ne5 18. Qg2 Bxa4 19. Bxa4 Nc4 20. Bg5 f6 21. b3 fxg5 22. bxc4 Qd6 23. Bb3 a4 24. Kb2 axb3 25. axb3 Qb4 26. Qc2 dxc4 27. e5 Bxe5 0-1

[Event "Titled Tuesday intern op 19th Sep Early"]
[Site "Chess.com INT"]
[Date "2023.09.19"]
[Round "2"]
[White "Sherman, Reem"]
[Black "Kobalia, Mihail"]
[Result "0-1"]
[WhiteElo "2304"]
[BlackElo "2542"]
[PlyCount "88"]
[EventDate "2023.09.19"]
[EventType "swiss (blitz)"]
[EventRounds "11"]
[EventCountry "USA"]
[SourceTitle "EXT 2024"]
[Source "ChessBase"]
[SourceDate "2023.10.10"]
[SourceVersion "1"]
[SourceVersionDate "2023.10.10"]
[SourceQuality "1"]

1. d4 d5 2. Nc3 Bf5 3. Bf4 e6 4. Nb5 Na6 5. e3 c6 6. Nc3 Nf6 7. Bd3 Nc7 8. Nf3 Bd6 9. Ne5 0-0 10. g4 Bxd3 11. cxd3 Nfe8 12. g5 g6 13. h4 Ng7 14. Qg4 Nh5 15. Ne2 Ne8 16. Qf3 Neg7 17. Ng4 Nf5 18. Bxd6 Qxd6 19. Nf4 Nxf4 20. Nf6+ Kg7 21. exf4 h5 22. 0-0-0 Nxd4 23. Qe3 Qc5+ 24. Kb1 Qc2+ 25. Ka1 Qxd1+ 26. Rxd1 Nc2+ 27. Kb1 Nxe3 28. fxe3 c5 29. Rc1 Rfc8 30. b3 Rc7 31. Kb2 Rac8 32. Rc3 b5 33. Rc2 b4 34. Rc1 Kf8 35. Rc2 Ke7 36. e4 Kd6 37. Re2 c4 38. exd5 cxd3 39. Rd2 Rc2+ 40. Rxc2 Rxc2+ 41. Kb1 Re2 42. dxe6 Re1+ 43. Kb2 d2 44. exf7 Ke7 0-1

[Event "EU-ch U18 31st"]
[Site "Mamaia"]
[Date "2023.09.14"]
[Round "9"]
[White "Sherman, Reem"]
[Black "Garrido Outon, Alex"]
[Result "0-1"]
[WhiteElo "2304"]
[BlackElo "2408"]
[PlyCount "60"]
[EventDate "2023.09.05"]
[EventType "swiss"]
[EventRounds "9"]
[EventCountry "ROU"]
[SourceTitle "EXT 2024"]
[Source "ChessBase"]
[SourceDate "2023.10.10"]
[SourceVersion "1"]
[SourceVersionDate "2023.10.10"]
[SourceQuality "1"]

1. e4 c5 2. Nf3 d6 3. d4 cxd4 4. Nxd4 Nf6 5. Nc3 a6 6. h3 e5 7. Nf3 h6 8. Nh2 Be6 9. Ng4 Nbd7 10. Ne3 Rc8 11. Qf3 g6 12. Be2 Bg7 13. Bd2 0-0 14. g4 b5 15. Qg2 Nb6 16. a4 b4 17. Ncd5 Bxd5 18. exd5 a5 19. 0-0 Rc5 20. Rfd1 Nfxd5 21. Nxd5 Nxd5 22. Bxh6 Bxh6 23. Rxd5 Rxc2 24. Qe4 Rxb2 25. Rad1 Qa8 26. h4 Rc8 27. h5 Rcc2 28. Bd3 Rxf2 29. hxg6 Qa7 30. gxf7+ Kf8 0-1

[Event "EU-ch U18 31st"]
[Site "Mamaia"]
[Date "2023.09.12"]
[Round "7"]
[White "Levin, Guy"]
[Black "Sherman, Reem"]
[Result "1-0"]
[WhiteElo "2411"]
[BlackElo "2304"]
[PlyCount "65"]
[EventDate "2023.09.05"]
[EventType "swiss"]
[EventRounds "9"]
[EventCountry "ROU"]
[SourceTitle "EXT 2024"]
[Source "ChessBase"]
[SourceDate "2023.10.10"]
[SourceVersion "1"]
[SourceVersionDate "2023.10.10"]
[SourceQuality "1"]

1. Nf3 d5 2. g3 g6 3. c4 dxc4 4. Na3 Nc6 5. Nxc4 Bg7 6. Bg2 Nh6 7. 0-0 Nf5 8. d3 e5 9. Bg5 f6 10. Bd2 0-0 11. b4 Be6 12. b5 Nce7 13. Qc2 Qd7 14. a4 Rac8 15. e4 Nd6 16. Be3 b6 17. Qe2 Rfd8 18. Rfd1 c5 19. Nfd2 Nf7 20. Ra3 f5 21. Rb1 g5 22. exf5 Nxf5 23. a5 Rb8 24. axb6 axb6 25. Bc6 Qc7 26. Ne4 Nd4 27. Bxd4 Rxd4 28. Rba1 h6 29. Ra7 Qd8 30. Ra8 Kh7 31. Rxb8 Qxb8 32. Ra8 Qc7 33. Nxc5 1-0

[Event "Pardubice Czech op-A 34th"]
[Site "Pardubice"]
[Date "2023.07.26"]
[Round "6"]
[White "Mitusov, Semen"]
[Black "Sherman, Reem"]
[Result "1/2-1/2"]
[WhiteElo "2455"]
[BlackElo "2216"]
[PlyCount "83"]
[EventDate "2023.07.21"]
[EventType "swiss"]
[EventRounds "9"]
[EventCountry "CZE"]
[SourceTitle "CBM 215 Extra"]
[Source "ChessBase"]
[SourceDate "2023.09.30"]
[SourceVersion "1"]
[SourceVersionDate "2023.09.30"]
[SourceQuality "1"]

1. e4 c5 2. Nf3 Nc6 3. d4 cxd4 4. Nxd4 Nf6 5. Nc3 e6 6. Ndb5 Bb4 7. a3 Bxc3+ 8. Nxc3 d5 9. exd5 exd5 10. Bd3 0-0 11. 0-0 Bg4 12. f3 d4 13. Ne2 Bh5 14. Bg5 Bg6 15. Qd2 h6 16. Bh4 Bxd3 17. Qxd3 Qd6 18. Rad1 Rad8 19. c3 Ne5 20. Qxd4 Qe6 21. Qf2 Rxd1 22. Rxd1 Qb3 23. Rd2 g5 24. Bg3 Nc4 25. Nd4 Qa2 26. Re2 Re8 27. h4 Qb1+ 28. Kh2 Qd3 29. Rxe8+ Nxe8 30. Qe1 Ng7 31. Qe7 Qd2 32. Be1 Qf4+ 33. Bg3 Qd2 34. Be1 Qf4+ 35. Kg1 Qc1 36. hxg5 hxg5 37. Kh2 Ne3 38. Bf2 Nf1+ 39. Kg1 Ne3+ 40. Kh2 Nf1+ 41. Kh3 Ne3 42. Kh2 1/2-1/2

[Event "Pardubice Czech op-A 34th"]
[Site "Pardubice"]
[Date "2023.07.22"]
[Round "2"]
[White "Yankelevich, Lev"]
[Black "Sherman, Reem"]
[Result "1/2-1/2"]
[WhiteElo "2442"]
[BlackElo "2216"]
[PlyCount "65"]
[EventDate "2023.07.21"]
[EventType "swiss"]
[EventRounds "9"]
[EventCountry "CZE"]
[SourceTitle "CBM 215 Extra"]
[Source "ChessBase"]
[SourceDate "2023.09.30"]
[SourceVersion "1"]
[SourceVersionDate "2023.09.30"]
[SourceQuality "1"]

1. d4 Nf6 2. c4 e6 3. g3 d5 4. Bg2 Be7 5. Nf3 0-0 6. 0-0 dxc4 7. Qc2 b5 8. a4 b4 9. Nbd2 Bb7 10. Nxc4 Be4 11. Qd1 Nbd7 12. Nfe5 Bxg2 13. Kxg2 Nxe5 14. dxe5 Qd5+ 15. Qxd5 Nxd5 16. e4 Nb6 17. Na5 c6 18. Be3 Rfc8 19. f4 f6 20. exf6 Bxf6 21. e5 Be7 22. Rfc1 c5 23. h4 Rc7 24. Rc2 Rac8 25. b3 Rd7 26. Rac1 h5 27. Kf2 Kh7 28. Kf3 Kg6 29. Ke4 Bf8 30. Bf2 Be7 31. Be3 Bf8 32. Bf2 Be7 33. Be3 1/2-1/2

[Event "Pardubice rapid op 34th"]
[Site "Pardubice"]
[Date "2023.07.20"]
[Round "9"]
[White "Hollan, Petr"]
[Black "Sherman, Reem"]
[Result "1/2-1/2"]
[WhiteElo "2235"]
[BlackElo "2216"]
[PlyCount "201"]
[EventDate "2023.07.19"]
[EventType "swiss (rapid)"]
[EventRounds "9"]
[EventCountry "CZE"]
[SourceTitle "CBM 215 Extra"]
[Source "ChessBase"]
[SourceDate "2023.09.30"]
[SourceVersion "1"]
[SourceVersionDate "2023.09.30"]
[SourceQuality "1"]

1. e4 e6 2. d4 d5 3. Nc3 Bb4 4. exd5 exd5 5. Bd3 Nf6 6. Nge2 h6 7. 0-0 0-0 8. Ng3 c5 9. a3 Bxc3 10. bxc3 c4 11. Bf5 Nc6 12. Qf3 Kh8 13. Re1 Bxf5 14. Qxf5 Qd7 15. f3 b5 16. Bd2 a5 17. Qxd7 Nxd7 18. Nf5 Rae8 19. Kf1 h5 20. Rxe8 Rxe8 21. Nd6 Rb8 22. Nxf7+ Kg8 23. Nd6 b4 24. axb4 axb4 25. cxb4 Nxb4 26. Ra7 Nf8 27. Nf5 Nxc2 28. Rxg7+ Kh8 29. Rg5 Rb1+ 30. Kf2 Ne6 31. Rxh5+ Kg8 32. Ne7+ Kf7 33. Rh7+ Ke8 34. Nxd5 Ncxd4 35. Nf6+ Kd8 36. Ne4 Rb2 37. Kg3 c3 38. Bxc3 Ne2+ 39. Kg4 Nxc3 40. Nxc3 Rxg2+ 41. Kf5 Ng7+ 42. Ke4 Ke7 43. Nd5+ Kf8 44. Nf4 Ra2 45. Ng6+ Kf7 46. Ne5+ Kg8 47. Rh3 Ra4+ 48. Kd3 Ra3+ 49. Ke2 Ra2+ 50. Ke3 Kf8 51. Kf4 Ra5 52. Rh6 Kg8 53. Rb6 Rc5 54. h4 Ra5 55. Rb8+ Kh7 56. Rb7 Kg8 57. Rb6 Nh5+ 58. Kf5 Ng7+ 59. Kf6 Ne8+ 60. Ke6 Ng7+ 61. Kf6 Ne8+ 62. Kf5 Ng7+ 63. Kf4 Nh5+ 64. Kf5 Ng7+ 65. Ke4 Ra4+ 66. Ke3 Nf5+ 67. Kd3 Rd4+ 68. Kc3 Rxh4 69. Rg6+ Kh7 70. Rg1 Rh3 71. Kd3 Nh4 72. Ke4 Nxf3 73. Nxf3 Rh5 74. Ng5+ Kg6 75. Nh3+ Kf6 76. Nf4 Ra5 77. Rg6+ Kf7 78. Rb6 Ra1 79. Ng6 Re1+ 80. Kf5 Rf1+ 81. Nf4 Ke7 82. Re6+ Kd7 83. Re4 Rd1 84. Ke5 Rg1 85. Rd4+ Kc6 86. Ne6 Re1+ 87. Kf6 Kb5 88. Ke7 Rh1 89. Kd6 Rh6 90. Rg4 Rf6 91. Rg5+ Kc4 92. Ke5 Rf1 93. Rg4+ Kc3 94. Nd4 Rf8 95. Ne6 Rf1 96. Kd5 Rf7 97. Rg3+ Kd2 98. Nc5 Rf8 99. Ne4+ Ke2 100. Nc3+ Kf2 101. Ne4+ 1/2-1/2